000 00603cab a2200253 4500
001 ABS60380
008 090401t1999 xxu||||| |||| 00| 0 eng d
035 _a(Sirsi) u92311
041 _aeng
100 _aPickering, J.C.G
245 _aBudget `99
260 _c1999
350 _a0
490 _aSolicitors` Journal Supplement
_v143(10) 12 March 1999 (8) LOAN
650 _aBUDGET 1999
650 _aCAPITAL GAINS TAX
650 _aCORPORATION TAX
650 _aINCOME TAX
650 _aSTAMP DUTY
690 _aTAXATION
700 _aWilson, M.
942 _n0
948 _c24/03/1999
999 _c58533
_d58533